Statistics for Automotive Parts Exports by Country in 2018

Click here to take the quiz!

General Stats

  • This quiz has been taken 16 times
  • The average score is 12 of 15

Answer Stats

dollar value worth of automotive partsAnswer% Correct
$34.8 billion (8.5%)China
100%
$67.1 billion (16.3%)Germany
100%
$35.9 billion (8.7%)Japan
100%
$29.7 billion (7.2%)Mexico
100%
$19.5 billion (4.7%)South Korea
93%
$7.1 billion (1.7%)UK
93%
$45.5 billion (11%)US
93%
$11.4 billion (2.8%)Canada
87%
$15.7 billion (3.8%)France
87%
$15.3 billion (3.7%)Italy
87%
$14.4 billion (3.5%)Poland
80%
$11.7 billion (2.8%)Spain
80%
$8.5 billion (2.1%)Thailand
53%
$15.3 billion (3.7%)Czechia
47%
$7.6 billion (1.9%)Romania
40%

Score Distribution

Percentile by Number Answered

Percent of People with Each Score

Your Score History

You have not taken this quiz